Вып. 69 : Кинетика и катализ; Труды [Московского института нефтехимической и газовой промышленности]

Dades bibliogràfiques
Parent link:Труды [Московского института нефтехимической и газовой промышленности]: [сборник]/ Московский институт нефтехимической и газовой промышленности им. И. М. Губкина (МИНХиГП). Вып. 69 : Кинетика и катализ.— , 1959-
Altres autors: Панченков Г. М. Георгий Митрофанович (редактор)
Idioma:rus
Publicat: Ленинград, Химия, 1967
Matèries:
Format: MixedMaterials Llibre
KOHA link:https://koha.lib.tpu.ru/cgi-bin/koha/opac-detail.pl?biblionumber=352651

MARC

LEADER 00000nam2a2200000 4500
001 352651
005 20231102010522.0
035 |a (RuTPU)RU\TPU\retro\9381 
035 |a RU\TPU\retro\9371 
090 |a 352651 
100 |a 20200129d1967 k y0rusy50 ca 
101 0 |a rus 
102 |a RU 
105 |a a z 001zy 
200 0 |a Вып. 69 : Кинетика и катализ  |f под ред. Г. М. Панченков 
210 |a Ленинград  |c Химия  |d 1967 
215 |a 171 с.  |c ил. 
320 |a Библиогр. в конце ст. 
461 1 |0 (RuTPU)RU\TPU\retro\9257  |t Труды [Московского института нефтехимической и газовой промышленности]  |o [сборник]  |f Московский институт нефтехимической и газовой промышленности им. И. М. Губкина (МИНХиГП)  |v Вып. 69 : Кинетика и катализ  |d 1959-  
606 1 |a Нефтегазовые месторождения  |x Системы разработки  |x Эксплуатация  |2 stltpush  |3 (RuTPU)RU\TPU\subj\45562  |9 64757 
610 1 |a химия нефти 
610 1 |a алкилирование пропиленом 
610 1 |a толуол 
610 1 |a этилбензол 
610 1 |a кумол 
610 1 |a кристаллические алюмосиликаты 
610 1 |a этиловый спирт 
610 1 |a превращения этилбензола 
610 1 |a рентгенографический анализ 
610 1 |a монометилнафталины 
610 1 |a изомеризация 
610 1 |a термокаталитический крекинг 
610 1 |a катализаторы 
610 1 |a свойства 
610 1 |a дегидрирование 
610 1 |a коксообразование 
675 |a 622.276  |v 3 
702 1 |a Панченков  |b Г. М.  |g Георгий Митрофанович  |4 340 
801 1 |a RU  |b 63413507  |c 20060206  |g PSBO 
801 2 |a RU  |b 63413507  |c 20200221  |g PSBO 
942 |c BK